LEADER 01555nam 2200409 n 450 001 996394887803316 005 20221108043102.0 035 $a(CKB)3810000000009565 035 $a(EEBO)2264214120 035 $a(UnM)9928087500971 035 $a(UnM)99829155 035 $a(EXLCZ)993810000000009565 100 $a19950524d1682 uy | 101 0 $aeng 135 $aurbn||||a|bb| 200 12$aA godly sermon of Peter's repentance$b[electronic resource] $eafter he had denyed his Lord and master Jesus Christ, as it is in his repentance, he wept bittrely for his sins. The fourteenth edition, corrected and enlarged, and set forth for the good of all those that truly fear God. By a godly pastor 210 $aLondon $cprinted for J. Wright, J. Clarke, W. Thackeray, and T. Passenger$d1682 215 $a[24] p. $cill 300 $aGodly pastor = John Hart, D.D. 300 $aRunning title reads: Peter's sermon of repentance. 300 $aWith a final advertisement leaf. 300 $aSignatures: A B⁴. 300 $aReproduction of the original in the Magdalene College Library, Cambridge. 330 $aeebo-0085 606 $aRepentance$vEarly works to 1800 606 $aSermons, English$y17th century 615 0$aRepentance 615 0$aSermons, English 700 $aHart$b John$cD.D.$0195672 801 0$bCu-RivES 801 1$bCu-RivES 801 2$bCStRLIN 801 2$bWaOLN 906 $aBOOK 912 $a996394887803316 996 $aA godly sermon of Peter's repentance$92355572 997 $aUNISA LEADER 03569nam 2200697Ia 450 001 9910957450903321 005 20251117005137.0 010 $a0-470-63457-X 010 $a1-282-24231-8 010 $a9786613813435 010 $a0-470-63455-3 035 $a(CKB)2670000000031622 035 $a(EBL)547045 035 $a(OCoLC)654831483 035 $a(SSID)ssj0000414277 035 $a(PQKBManifestationID)12137354 035 $a(PQKBTitleCode)TC0000414277 035 $a(PQKBWorkID)10394223 035 $a(PQKB)10921511 035 $a(MiAaPQ)EBC547045 035 $a(Au-PeEL)EBL547045 035 $a(CaPaEBR)ebr10395539 035 $a(CaONFJC)MIL381343 035 $a(MiAaPQ)EBC7147292 035 $a(Au-PeEL)EBL7147292 035 $a(EXLCZ)992670000000031622 100 $a20100413d2010 uy 0 101 0 $aeng 135 $aur|n|---||||| 181 $ctxt 182 $cc 183 $acr 200 12$aA coach's guide to developing exemplary leaders $emaking the most of the leadership challenge and the leadership practices inventory (LPI) /$fJames M. Kouzes and Barry Z. Posner with Elaine Biech 205 $a1st ed. 210 $aSan Francisco $cPfieffer$d2010 215 $a1 online resource (383 p.) 225 1 $aJ-B Leadership Challenge: Kouzes/Posner ;$vv.202 300 $aDescription based upon print version of record. 311 08$a0-470-37711-9 320 $aIncludes bibliographical references and index. 327 $aA Coach's Guide to Developing Exemplary Leaders: Making the Most of The Leadership Challenge and the Leadership Practices Inventory (LPI); ABOUT THIS BOOK; WHY IS THIS TOPIC IMPORTANT?; WHAT CAN YOU ACHIEVE WITH THIS BOOK?; HOW IS THIS BOOK ORGANIZED?; CONTENTS; PART I: COACHING TO IMPROVE THE FIVE PRACTICES; CHAPTER 1: ACCEPT THE LEADERSHIP CHALLENGE; CHAPTER 2: COACHING TO MODEL THE WAY; CHAPTER 3: COACHING TO INSPIRE A SHARED VISION; CHAPTER 4: COACHING TO CHALLENGE THE PROCESS; CHAPTER 5: COACHING TO ENABLE OTHERS TO ACT; CHAPTER 6: COACHING TO ENCOURAGE THE HEART 327 $aPART II: IMPROVE YOUR COACHING COMPETENCECHAPTER 7: COACHING FOR SUCCESS; CHAPTER 8: COACHING COMPETENCIES; CHAPTER 9: THE COACHING PROCESS; CHAPTER 10: COACHING WHEN THINGS GO AWRY; CHAPTER 11: COACH YOURSELF TO MASTERY; READING LIST FOR COACHES; INDEX; ABOUT THE AUTHORS 330 $aKouzes' and Posner's bestselling The Leadership Challenge has been the most trusted source for becoming a better leader for millions of executives. This new guide from Kouzes and Posner, written in conjunction with coaching experts Elaine Biech, provides practical information and tools for integrating The Practices of Exemplary Leadership into a coaching practice or program. Filled with best practices and success stories as well as worksheets and checklists, this comprehensive resource enables coaches to quickly and easily adapt their coaching regimen to include The Leadership Challenge 410 0$aJ-B Leadership Challenge: Kouzes/Posner 606 $aExecutive coaching 606 $aLeadership 606 $aExecutive ability 615 0$aExecutive coaching. 615 0$aLeadership. 615 0$aExecutive ability. 676 $a658.4/092 700 $aKouzes$b James M.$f1945-$0115270 701 $aPosner$b Barry Z$0857988 701 $aBiech$b Elaine$0859087 801 0$bMiAaPQ 801 1$bMiAaPQ 801 2$bMiAaPQ 906 $aBOOK 912 $a9910957450903321 996 $aA coach's guide to developing exemplary leaders$94456326 997 $aUNINA